[Event "LITOMYSL OPEN 2019 A - FIDE open"]
[Site "Litomysl, Domov mladeze VOSP a"]
[Date "2019.12.26"]
[Round "1"]
[White "Benci, Rudolf"]
[Black "Tyutyunnikov, Alexey"]
[Result "0-1"]
[WhiteElo "1679"]
[BlackElo "2292"]
[PlyCount "64"]
[EventDate "2019.12.26"]

1. d4 Nf6 2. Bf4 d5 3. e3 e6 4. c3 Bd6 5. Bg3 O-O 6. Nd2 c5 7. Bd3 Nc6 8. Ngf3
Qe7 9. Ne5 Nd7 10. Ndf3 f5 11. h4 Ndxe5 12. Nxe5 Bxe5 13. dxe5 c4 14. Bc2 b5
15. h5 b4 16. f4 a5 17. Bf2 Qf7 18. g4 fxg4 19. Qxg4 Nxe5 20. Qe2 Nd3+ 21. Bxd3
cxd3 22. Qxd3 Ba6 23. Qd4 Rac8 24. Qe5 bxc3 25. bxc3 d4 26. h6 Rxc3 27. Qxd4
Rc2 28. Rg1 g6 29. Rg5 Re2+ 30. Kd1 Rxf2 31. Rxa5 Qc7 32. Rc5 Qd8 0-1

[Event "LITOMYSL OPEN 2019 A - FIDE open"]
[Site "Litomysl, Domov mladeze VOSP a"]
[Date "2019.12.26"]
[Round "1"]
[White "Sabol, Marian"]
[Black "Jaworski, Tymon"]
[Result "1-0"]
[WhiteElo "2278"]
[BlackElo "1661"]
[PlyCount "67"]
[EventDate "2019.12.26"]

1. d4 Nf6 2. Bg5 g6 3. Bxf6 exf6 4. c4 Bg7 5. Nc3 f5 6. e3 Nc6 7. g3 Ne7 8. Bg2
c6 9. Nge2 d6 10. Nf4 O-O 11. O-O g5 12. Nfe2 d5 13. cxd5 cxd5 14. Qb3 Be6 15.
Qxb7 Rb8 16. Qxa7 Rxb2 17. Rab1 Rxb1 18. Rxb1 Bf6 19. a4 Qa8 20. Qxa8 Rxa8 21.
Ra1 Kf8 22. a5 Ra6 23. Nc1 Nc6 24. Nb3 Nb4 25. Nc5 Ra8 26. Ra4 Na6 27. Nxd5
Nxc5 28. Nxf6 Nxa4 29. Bxa8 h6 30. Bc6 Ke7 31. Ng8+ Kf8 32. d5 Bc8 33. Bxa4
Kxg8 34. d6 1-0

[Event "LITOMYSL OPEN 2019 A - FIDE open"]
[Site "Litomysl, Domov mladeze VOSP a"]
[Date "2019.12.26"]
[Round "1"]
[White "Choksi, Khushi"]
[Black "Svanda, Ondrej"]
[Result "0-1"]
[WhiteElo "1651"]
[BlackElo "2258"]
[PlyCount "74"]
[EventDate "2019.12.26"]

1. d4 Nf6 2. Nf3 e6 3. e3 b6 4. Bd3 Bb7 5. Nbd2 c5 6. O-O Be7 7. c3 d5 8. Ne5
Nbd7 9. f4 O-O 10. Qf3 g6 11. b3 Ne8 12. Qh3 Ng7 13. Ndf3 Nxe5 14. Nxe5 Qe8 15.
Ng4 Nf5 16. Rf3 Kh8 17. Bxf5 exf5 18. Ne5 f6 19. Nd3 Rc8 20. Bb2 Bd6 21. Qh6
Qf7 22. Rh3 Rfe8 23. dxc5 bxc5 24. c4 Rc7 25. Rd1 Kg8 26. Qh4 dxc4 27. bxc4 Re6
28. Nf2 Be7 29. Rg3 Ra6 30. a3 Qxc4 31. Qh3 Qe6 32. Qh6 c4 33. Rxg6+ hxg6 34.
Qxg6+ Kf8 35. Qh6+ Ke8 36. Qh8+ Bf8 37. a4 Rd6 0-1

[Event "LITOMYSL OPEN 2019 A - FIDE open"]
[Site "Litomysl, Domov mladeze VOSP a"]
[Date "2019.12.26"]
[Round "1"]
[White "Jedlicka, Ales"]
[Black "Svec, Ludek"]
[Result "1/2-1/2"]
[WhiteElo "2248"]
[BlackElo "1615"]
[PlyCount "117"]
[EventDate "2019.12.26"]

1. d4 Nf6 2. c4 e6 3. g3 d5 4. Bg2 Bb4+ 5. Bd2 Be7 6. Nf3 b6 7. Nc3 Bb7 8. cxd5
exd5 9. O-O O-O 10. Ne5 Na6 11. Bf4 c5 12. Rc1 Nc7 13. dxc5 bxc5 14. Qa4 Ne6
15. Rfd1 Re8 16. Nc6 Bxc6 17. Qxc6 Nxf4 18. gxf4 Rc8 19. Qa6 d4 20. Nb5 Qb6 21.
Qxb6 axb6 22. Na7 Rb8 23. Nc6 Rbc8 24. e3 dxe3 25. fxe3 Bf8 26. Ne5 Red8 27.
Bb7 Rxd1+ 28. Rxd1 Rb8 29. Ba6 b5 30. a4 bxa4 31. Bc4 Rb7 32. Rd8 g6 33. Ra8
Kg7 34. Rxa4 Nh5 35. b3 f5 36. Nc6 Rd7 37. Ne5 Re7 38. Ra5 Rc7 39. Ra8 Nf6 40.
Nf3 Ne4 41. Bd3 h6 42. Bxe4 fxe4 43. Nd2 Rb7 44. Ra4 g5 45. Rxe4 gxf4 46. exf4
Kf6 47. Kf2 Kf5 48. Kf3 Bd6 49. Ra4 Rb4 50. Rxb4 cxb4 51. Ne4 Bxf4 52. h3 Bc7
53. Nc5 Bd6 54. Nd3 Be7 55. Nf4 Bc5 56. Nd3 Bd6 57. Nf2 Bf8 58. Ne4 Be7 59. Nf2
1/2-1/2

[Event "LITOMYSL OPEN 2019 A - FIDE open"]
[Site "Litomysl, Domov mladeze VOSP a"]
[Date "2019.12.26"]
[Round "1"]
[White "Madajczak, Piotr"]
[Black "Chudinovskikh, Alexander M"]
[Result "0-1"]
[WhiteElo "1612"]
[BlackElo "2157"]
[PlyCount "120"]
[EventDate "2019.12.26"]

1. c4 c5 2. Nf3 Nc6 3. Nc3 Nd4 4. e3 Nxf3+ 5. Qxf3 g6 6. Be2 Bg7 7. O-O Nf6 8.
d3 O-O 9. e4 d6 10. Qg3 a6 11. f4 Rb8 12. a4 Bd7 13. a5 b5 14. axb6 Rxb6 15. f5
Qb8 16. Ra2 Bc6 17. h4 Nd7 18. h5 Ne5 19. fxg6 fxg6 20. hxg6 Rxf1+ 21. Kxf1
Nxg6 22. Bh5 Qf8+ 23. Ke2 Qf7 24. Qg4 e6 25. Qg5 Bf6 26. Qg4 Bd7 27. Qg3 Qg7
28. Nd1 Be5 29. Qg5 Bf6 30. Qg3 Bc8 31. Qg4 Rb8 32. Qg3 Be5 33. Qg5 Bb7 34.
Bxg6 hxg6 35. Qh6 Qf7 36. Be3 d5 37. Nf2 d4 38. Bd2 Bg3 39. Ng4 Rf8 40. Kd1 Qh7
41. Qg5 Qh5 42. Ke2 Bc8 43. Ra1 e5 44. Qxh5 gxh5 45. Nh6+ Kh7 46. Rf1 Bf4 47.
Bxf4 exf4 48. Nf5 Bxf5 49. exf5 Rxf5 50. Kf3 Kg6 51. Ra1 Kg5 52. Re1 Kf6 53.
Re4 Re5 54. Rxf4+ Kg5 55. Rf8 Re3+ 56. Kf2 Rxd3 57. Rg8+ Kf4 58. Rf8+ Ke5 59.
Rc8 Rb3 60. Rxc5+ Ke4 0-1

[Event "LITOMYSL OPEN 2019 A - FIDE open"]
[Site "Litomysl, Domov mladeze VOSP a"]
[Date "2019.12.26"]
[Round "1"]
[White "Jirousek, Jan"]
[Black "Svoboda, Frantisek"]
[Result "1-0"]
[WhiteElo "2097"]
[BlackElo "1611"]
[PlyCount "79"]
[EventDate "2019.12.26"]

1. d4 d6 2. c4 e5 3. Nc3 exd4 4. Qxd4 Nc6 5. Qd1 g6 6. Nf3 Bg7 7. Bg5 Nge7 8.
Qd2 h6 9. Bf4 g5 10. Bg3 Be6 11. e4 Ng6 12. h3 O-O 13. Be2 Qd7 14. O-O Rae8 15.
Rad1 Qd8 16. Rfe1 f5 17. exf5 Bxf5 18. Bd3 Rxe1+ 19. Rxe1 Bxd3 20. Qxd3 Nf4 21.
Bxf4 Rxf4 22. Nd5 Rf7 23. b3 Ne7 24. Nxe7+ Rxe7 25. Rxe7 Qxe7 26. Qd5+ Kf8 27.
Qxb7 c5 28. Qxe7+ Kxe7 29. Kf1 Ke6 30. Ke2 a5 31. Kd3 d5 32. cxd5+ Kxd5 33. Nd2
Be5 34. Nc4 Bc7 35. Ne3+ Kc6 36. Ke4 Kb5 37. Nd5 Bb8 38. a4+ Kc6 39. Ne3 h5 40.
Nc4 1-0

[Event "LITOMYSL OPEN 2019 A - FIDE open"]
[Site "Litomysl, Domov mladeze VOSP a"]
[Date "2019.12.26"]
[Round "1"]
[White "Rychtecky, Pavel"]
[Black "Toman, Jan"]
[Result "0-1"]
[WhiteElo "1606"]
[BlackElo "2091"]
[PlyCount "76"]
[EventDate "2019.12.26"]

1. e4 c5 2. Nf3 Nc6 3. d4 cxd4 4. Nxd4 Nf6 5. Nc3 d6 6. Bg5 a6 7. a4 e6 8. Be2
Be7 9. Qd2 Qc7 10. O-O O-O 11. Kh1 Rb8 12. h3 Rd8 13. Be3 d5 14. exd5 Nxd5 15.
Nxd5 Rxd5 16. f4 Bf6 17. c3 Na5 18. Qd3 Nb3 19. Ra3 Nxd4 20. cxd4 Qd8 21. Bf3
Rd7 22. Rd1 b6 23. Bc6 Rd6 24. Rc3 g6 25. b3 b5 26. axb5 axb5 27. Bxb5 Bb7 28.
Rc2 Qa5 29. Rc5 Rbd8 30. Qc3 Qa2 31. Rd2 Qb1+ 32. Kh2 Qe1 33. Bf2 Qe4 34. Bf1
Qxf4+ 35. Bg3 Qxf1 36. Bxd6 Rxd6 37. Rc4 Bg5 38. Rc2 Bf4+ 0-1

[Event "LITOMYSL OPEN 2019 A - FIDE open"]
[Site "Litomysl, Domov mladeze VOSP a"]
[Date "2019.12.26"]
[Round "1"]
[White "Kishan, Gangolli"]
[Black "Krzyzosiak, Anna"]
[Result "1/2-1/2"]
[WhiteElo "2078"]
[BlackElo "1590"]
[PlyCount "120"]
[EventDate "2019.12.26"]

1. d4 Nf6 2. c4 g6 3. Nc3 Bg7 4. e4 d6 5. Be2 O-O 6. Be3 Nc6 7. d5 Ne5 8. h3 e6
9. f4 Ned7 10. Bf3 exd5 11. cxd5 Re8 12. Qd2 Nh5 13. Nge2 Nc5 14. g4 Bxc3 15.
Qxc3 Nf6 16. Bxc5 dxc5 17. Qc2 h5 18. O-O-O hxg4 19. hxg4 Bxg4 20. Bxg4 Nxg4
21. Qc3 Qf6 22. Qg3 Rxe4 23. Qxg4 Rae8 24. Rd2 a5 25. Rh2 a4 26. Qh3 Qg7 27. f5
Re3 28. Qh4 R8e4 29. Qd8+ Re8 30. Qxc7 a3 31. Qb6 Qe5 32. Rf2 Rh3 33. fxg6
axb2+ 34. Qxb2 Rh1+ 35. Kc2 Qe4+ 36. Rd3 Qxe2+ 37. Rxe2 Rxe2+ 38. Kc3 Rxb2 39.
Kxb2 Rh8 40. d6 Kg7 41. gxf7 Kxf7 42. Rb3 Rb8 43. Rb6 Ke6 44. Kb3 Rd8 45. Kc4
Rxd6 46. Rxb7 Ra6 47. Rb2 Ra5 48. Rd2 Ke7 49. Kd5 Kd7 50. Rh2 Kc7 51. Rb2 Kd7
52. Rb7+ Kc8 53. Rb2 Kd7 54. Rc2 Kc7 55. Rg2 Kb6 56. Rg6+ Kc7 57. Rg7+ Kb6 58.
Rg2 Kc7 59. Kc4 Kc6 60. Rg6+ Kd7 1/2-1/2

[Event "LITOMYSL OPEN 2019 A - FIDE open"]
[Site "Litomysl, Domov mladeze VOSP a"]
[Date "2019.12.26"]
[Round "1"]
[White "Vorsilka, Jiri"]
[Black "Khulapov, Vyacheslav"]
[Result "0-1"]
[WhiteElo "1584"]
[BlackElo "2065"]
[PlyCount "54"]
[EventDate "2019.12.26"]

1. e4 d5 2. exd5 Nf6 3. d4 Nxd5 4. c4 Nb6 5. Nf3 g6 6. Be2 Bg7 7. Be3 O-O 8.
O-O Nc6 9. Nc3 e5 10. dxe5 Nxe5 11. Nxe5 Bxe5 12. Qxd8 Rxd8 13. Rad1 Be6 14. c5
Nd7 15. Rd2 Re8 16. Rfd1 Nf6 17. Bd4 Bxd4 18. Rxd4 Kg7 19. Bf3 c6 20. b4 Re7
21. g4 a5 22. g5 Nd7 23. b5 Ne5 24. Be2 cxb5 25. f4 Nc6 26. Re4 b4 27. Nd5 Bxd5
0-1

[Event "LITOMYSL OPEN 2019 A - FIDE open"]
[Site "Litomysl, Domov mladeze VOSP a"]
[Date "2019.12.26"]
[Round "1"]
[White "Jakl, Ales"]
[Black "Krzyzosiak, Marta"]
[Result "1-0"]
[WhiteElo "2018"]
[BlackElo "1578"]
[PlyCount "133"]
[EventDate "2019.12.26"]

1. d4 Nf6 2. Nf3 g6 3. g3 Bg7 4. Bg2 d6 5. O-O O-O 6. b3 c5 7. Bb2 Nbd7 8. c4
cxd4 9. Nxd4 Nc5 10. Nc3 a6 11. Rc1 e5 12. Nc2 Qe7 13. Ne3 Be6 14. Ned5 Nxd5
15. Nxd5 Bxd5 16. Qxd5 Rab8 17. Rcd1 Rfd8 18. Qd2 b5 19. Bd5 Kh8 20. f3 f5 21.
e3 e4 22. Bxg7+ Kxg7 23. Qd4+ Qe5 24. cxb5 axb5 25. fxe4 Nxe4 26. Bxe4 fxe4 27.
Qa7+ Kg8 28. Qf7+ Kh8 29. Rd5 Qg7 30. Qxg7+ Kxg7 31. Rfd1 Ra8 32. R1d2 Ra5 33.
a4 Kf7 34. R2d4 Re8 35. Rxb5 Rxb5 36. axb5 Rb8 37. Rxe4 Rxb5 38. b4 d5 39. Rd4
Ke6 40. Kf2 Rb7 41. e4 dxe4 42. Rxe4+ Kd5 43. Ke3 Rf7 44. Rf4 Re7+ 45. Kf3 Kc6
46. Kg4 Kb5 47. Rd4 Re5 48. Kf4 Rf5+ 49. Ke4 Rf7 50. Ke5 Rf3 51. Rh4 Rf5+ 52.
Ke6 Rf2 53. Rxh7 Kxb4 54. Rh6 Kc5 55. h3 Rh2 56. Kf6 Kd6 57. Kxg6 Ke7 58. g4
Rf2 59. g5 Rb2 60. Kg7 Rb7 61. h4 Ke8+ 62. Kg8 Rb5 63. Re6+ Kd7 64. Re4 Rf5 65.
g6 Kd6 66. g7 Rf6 67. Kh7 1-0

[Event "LITOMYSL OPEN 2019 A - FIDE open"]
[Site "Litomysl, Domov mladeze VOSP a"]
[Date "2019.12.27"]
[Round "2"]
[White "Tyutyunnikov, Alexey"]
[Black "Macek, Ondrej"]
[Result "1-0"]
[WhiteElo "2292"]
[BlackElo "1934"]
[PlyCount "55"]
[EventDate "2019.12.26"]

1. e4 c6 2. d4 d5 3. Nd2 dxe4 4. Nxe4 Bf5 5. Ng3 Bg6 6. h4 h6 7. Nf3 Nd7 8. h5
Bh7 9. Bd3 Bxd3 10. Qxd3 Ngf6 11. Bd2 e6 12. O-O-O Be7 13. Kb1 c5 14. c3 O-O
15. Rhe1 cxd4 16. Nxd4 a6 17. Qf3 Qb6 18. Bxh6 gxh6 19. Ngf5 exf5 20. Nxf5 Kh8
21. Rxe7 Qc6 22. Qe3 Ng4 23. Qd4+ Ngf6 24. Rxd7 Qe4+ 25. Qxe4 Nxe4 26. f3 Nc5
27. Rc7 b6 28. Rc6 1-0

[Event "LITOMYSL OPEN 2019 A - FIDE open"]
[Site "Litomysl, Domov mladeze VOSP a"]
[Date "2019.12.27"]
[Round "2"]
[White "Topola, Rafal"]
[Black "Sabol, Marian"]
[Result "0-1"]
[WhiteElo "1754"]
[BlackElo "2278"]
[PlyCount "108"]
[EventDate "2019.12.26"]

1. e4 c5 2. Nf3 d6 3. d4 cxd4 4. Nxd4 Nf6 5. Nc3 a6 6. Be3 e6 7. Bd3 Nc6 8. O-O
Ne5 9. Be2 Qc7 10. f4 Nc6 11. Nb3 Be7 12. Bf3 O-O 13. a4 Nd7 14. a5 Nc5 15. Qe1
Bd7 16. Qf2 Nb4 17. Rfd1 Rac8 18. Nxc5 dxc5 19. Na4 Bb5 20. Nb6 Rcd8 21. e5 c4
22. Be4 Bc6 23. Bxc6 Qxc6 24. Rxd8 Rxd8 25. Qe2 c3 26. bxc3 Qxc3 27. Rc1 Nc6
28. Nc4 Nd4 29. Bxd4 Rxd4 30. Nd6 Bxd6 31. exd6 Rxd6 32. Qe5 Qxe5 33. fxe5 Rd5
34. Rb1 Rxa5 35. Rxb7 g5 36. Ra7 Kg7 37. c4 Ra4 38. c5 Rc4 39. Rc7 a5 40. c6
Kg6 41. Kf2 Rc5 42. Ra7 Rxe5 43. c7 Rc5 44. Ke3 Kf6 45. Kd4 Rc6 46. g4 a4 47.
Ke4 a3 48. Rxa3 Rxc7 49. Rf3+ Kg6 50. Ke5 Rc5+ 51. Kd6 Rc4 52. h3 Rf4 53. Rg3
h5 54. Ke5 Rf1 0-1

[Event "LITOMYSL OPEN 2019 A - FIDE open"]
[Site "Litomysl, Domov mladeze VOSP a"]
[Date "2019.12.27"]
[Round "2"]
[White "Svanda, Ondrej"]
[Black "Marsina, Stefan"]
[Result "1-0"]
[WhiteElo "2258"]
[BlackElo "1880"]
[Annotator "Stanice"]
[PlyCount "62"]
[EventDate "2019.12.26"]

1. c4 Nf6 2. Nf3 c5 3. g3 Nc6 4. Bg2 d5 5. cxd5 Nxd5 6. Nc3 Nc7 7. O-O e5 8. d3
Be7 9. Nd2 Be6 10. Nc4 Nd5 11. Ne3 Nxe3 12. Bxc6+ bxc6 13. Bxe3 O-O 14. Qa4 Qd7
15. b3 f5 16. Qa5 f4 17. Bxc5 Bh3 18. Rfe1 Rf5 19. Bxe7 Qxe7 20. Ne4 Qd7 21.
Qc5 Rh5 22. Qd6 Qc8 23. f3 fxg3 24. hxg3 Be6 25. Nf2 Rg5 26. Kg2 Qe8 27. Ne4
Rg6 28. Qc5 Bd5 29. Rh1 Qd7 30. Rh4 Rf8 31. Rxh7 Rxf3 {black has run out of
time} 1-0

[Event "LITOMYSL OPEN 2019 A - FIDE open"]
[Site "Litomysl, Domov mladeze VOSP a"]
[Date "2019.12.27"]
[Round "2"]
[White "Chudinovskikh, Alexander M"]
[Black "Diviak, Rudolf"]
[Result "1-0"]
[WhiteElo "2157"]
[BlackElo "1766"]
[PlyCount "61"]
[EventDate "2019.12.26"]

1. e4 e5 2. Nf3 Nc6 3. Bc4 Nf6 4. d3 Be7 5. O-O O-O 6. Re1 d6 7. c3 a6 8. Bb3
Na5 9. Bc2 c5 10. d4 Qc7 11. d5 b5 12. Nbd2 Re8 13. Nf1 Nc4 14. h3 Nb6 15. Ne3
g6 16. Kh2 c4 17. Rg1 a5 18. g4 Kh8 19. Qe2 Rb8 20. Bd2 Qd7 21. Rg3 h5 22. Rag1
hxg4 23. hxg4 Nh7 24. Rh3 Qd8 25. Kg2 Rg8 26. Rgh1 Rg7 27. Kf1 Nd7 28. Nh4 Ndf6
29. f3 Nh5 30. Nhg2 Ng5 31. R3h2 1-0

[Event "LITOMYSL OPEN 2019 A - FIDE open"]
[Site "Litomysl, Domov mladeze VOSP a"]
[Date "2019.12.27"]
[Round "2"]
[White "Nespor, Ivan"]
[Black "Jirousek, Jan"]
[Result "0-1"]
[WhiteElo "1715"]
[BlackElo "2097"]
[PlyCount "88"]
[EventDate "2019.12.26"]

1. e4 c6 2. d4 d5 3. Nc3 dxe4 4. Nxe4 Nf6 5. Nxf6+ exf6 6. Nf3 Bd6 7. g3 O-O 8.
Bg2 Bg4 9. O-O Qa5 10. h3 Be6 11. b3 Rd8 12. c4 Nd7 13. Bd2 Bb4 14. Bxb4 Qxb4
15. a3 Qa5 16. Qe1 Qb6 17. Qc3 Nf8 18. Rfd1 Rac8 19. b4 Ng6 20. a4 a6 21. c5
Qc7 22. h4 Qd7 23. Rd2 Ne7 24. Re1 Nd5 25. Qb2 Re8 26. Rde2 Rcd8 27. Nd2 Ne7
28. Nf3 Nf5 29. Re4 Bd5 30. Rxe8+ Rxe8 31. Rxe8+ Qxe8 32. Qd2 Qe4 33. Kh2 h6
34. Qf4 Qxf4 35. gxf4 Bxf3 36. Bxf3 Nxd4 37. Bd1 Kf8 38. Kg3 Ke7 39. h5 f5 40.
f3 Ke6 41. Kf2 Kd5 42. Ke3 Kc4 43. a5 f6 44. Ba4 Kxb4 0-1

[Event "LITOMYSL OPEN 2019 A - FIDE open"]
[Site "Litomysl, Domov mladeze VOSP a"]
[Date "2019.12.27"]
[Round "2"]
[White "Toman, Jan"]
[Black "Starosciak, Szymon"]
[Result "1/2-1/2"]
[WhiteElo "2091"]
[BlackElo "1729"]
[PlyCount "53"]
[EventDate "2019.12.26"]

1. d4 d5 2. Nf3 Nf6 3. Bf4 e6 4. e3 Bd6 5. Bg5 O-O 6. Be2 Nbd7 7. O-O c6 8. c4
dxc4 9. Bxc4 b5 10. Bb3 Bb7 11. Nc3 b4 12. Ne4 Be7 13. Nxf6+ Bxf6 14. Bxf6 Qxf6
15. Rc1 Rac8 16. Qe2 c5 17. Rfd1 Qg6 18. d5 exd5 19. Bxd5 Bxd5 20. Rxd5 Qe6 21.
Qd3 c4 22. Qd4 Nb6 23. Rd6 Qe7 24. Ne5 Rfd8 25. Rxd8+ Qxd8 26. Qxd8+ Rxd8 27.
Kf1 1/2-1/2

[Event "LITOMYSL OPEN 2019 A - FIDE open"]
[Site "Litomysl, Domov mladeze VOSP a"]
[Date "2019.12.27"]
[Round "2"]
[White "Khulapov, Vyacheslav"]
[Black "Buchta, Martin"]
[Result "1-0"]
[WhiteElo "2065"]
[BlackElo "1695"]
[PlyCount "73"]
[EventDate "2019.12.26"]

1. e4 Nf6 2. e5 Nd5 3. c4 Nb6 4. d4 d6 5. exd6 exd6 6. Be3 Be7 7. Bd3 N8d7 8.
a4 Nf6 9. a5 Nbd7 10. Nf3 Nf8 11. h3 Ng6 12. O-O O-O 13. Nc3 a6 14. Qc2 c6 15.
Rfe1 Re8 16. Bd2 Bd7 17. Na4 Qc7 18. Nb6 Rad8 19. Bg5 Bf8 20. Bxf6 gxf6 21. Bf5
Bxf5 22. Qxf5 Bg7 23. Nh2 Re7 24. Ng4 Rde8 25. Red1 Re2 26. Rab1 Qe7 27. Nd7
Re6 28. d5 Nh4 29. Qh5 Re4 30. Qxh4 Qxd7 31. Nxf6+ Bxf6 32. Qxf6 Rxc4 33. Rd3
Ree4 34. Qh6 f5 35. Rg3+ Kf7 36. Qg7+ Ke8 37. Qh8+ 1-0

[Event "LITOMYSL OPEN 2019 A - FIDE open"]
[Site "Litomysl, Domov mladeze VOSP a"]
[Date "2019.12.27"]
[Round "2"]
[White "Kosior, Jan"]
[Black "Jakl, Ales"]
[Result "1-0"]
[WhiteElo "1537"]
[BlackElo "2018"]
[PlyCount "115"]
[EventDate "2019.12.26"]

1. e4 c6 2. d4 d5 3. Nc3 dxe4 4. Nxe4 Nd7 5. Nf3 Ndf6 6. Nxf6+ Nxf6 7. Bc4 e6
8. Bg5 Be7 9. O-O Nd5 10. Bxe7 Qxe7 11. Re1 O-O 12. Bxd5 cxd5 13. Qd2 Bd7 14.
Re3 Rfc8 15. Ne5 Be8 16. Rg3 f6 17. Ng4 Kh8 18. Re1 Rc6 19. Ne3 Qf7 20. Nd1
Rac8 21. c3 Ra6 22. b3 Qc7 23. Rh3 Bg6 24. Rhe3 Qd7 25. Qe2 Rac6 26. h4 Bf7 27.
Rg3 Re8 28. Qg4 Bg8 29. h5 h6 30. Qf4 Qc7 31. Qd2 Rc8 32. Ree3 e5 33. dxe5 fxe5
34. Rg6 Bh7 35. Rxc6 bxc6 36. Qe2 Re8 37. Nb2 c5 38. Qd2 d4 39. Re1 Rd8 40.
cxd4 cxd4 41. f3 Qc3 42. Nc4 Qxd2 43. Nxd2 Re8 44. Nc4 e4 45. fxe4 Rxe4 46.
Rxe4 Bxe4 47. Nd2 Bd5 48. Kf2 g6 49. hxg6 Kg7 50. Nf3 d3 51. Nh4 Kf6 52. Ke3
Kg5 53. g3 Kg4 54. Kxd3 Be6 55. Ke4 h5 56. Ke5 Bg8 57. Nf5 Kg5 58. Ne7 1-0

[Event "LITOMYSL OPEN 2019 A - FIDE open"]
[Site "Litomysl, Domov mladeze VOSP a"]
[Date "2019.12.27"]
[Round "2"]
[White "Rokos, Filip"]
[Black "Zimny, Jakub"]
[Result "1-0"]
[WhiteElo "2003"]
[BlackElo "1404"]
[PlyCount "63"]
[EventDate "2019.12.26"]

1. e4 c5 2. Nf3 d6 3. Nc3 Nf6 4. d4 cxd4 5. Nxd4 a6 6. h3 e5 7. Nde2 h5 8. g3
Nbd7 9. Bg2 b5 10. O-O Bb7 11. a3 Nc5 12. Bg5 Be7 13. Bxf6 Bxf6 14. Nd5 Bxd5
15. Qxd5 O-O 16. Rad1 Be7 17. Nc3 Qb8 18. Qd2 Rd8 19. Nd5 Bf8 20. Kh1 Ne6 21.
f4 f6 22. f5 Nc7 23. Bf3 Qb7 24. Nxc7 Qxc7 25. Bxh5 Rac8 26. c3 Qc4 27. Bf3 Rd7
28. Kg2 Kh7 29. Rfe1 g6 30. fxg6+ Kxg6 31. Bg4 Bh6 32. Qf2 1-0

[Event "LITOMYSL OPEN 2019 A - FIDE open"]
[Site "Litomysl, Domov mladeze VOSP a"]
[Date "2019.12.27"]
[Round "2"]
[White "Krzyzosiak, Anna"]
[Black "Jedlicka, Ales"]
[Result "0-1"]
[WhiteElo "1590"]
[BlackElo "2248"]
[PlyCount "64"]
[EventDate "2019.12.26"]

1. e4 c5 2. Ne2 d6 3. g3 Nf6 4. Bg2 g6 5. c3 Bg7 6. d4 O-O 7. O-O cxd4 8. cxd4
Nc6 9. Nbc3 e5 10. dxe5 dxe5 11. Be3 b6 12. Nd5 Nxd5 13. exd5 Na5 14. Rc1 Ba6
15. b3 Qd7 16. Qd2 Nb7 17. Rc2 Rac8 18. Rfc1 Rxc2 19. Rxc2 Nd6 20. f4 Re8 21.
Qb4 Nf5 22. Bf2 Bd3 23. Rd2 e4 24. Bd4 Nxd4 25. Nxd4 Bf8 26. Qc3 Rc8 27. Nc6
Rc7 28. Ne5 Rxc3 29. Nxd7 Rc1+ 30. Kf2 Bb4 31. Nf6+ Kf8 32. Rxd3 exd3 0-1

[Event "LITOMYSL OPEN 2019 A - FIDE open"]
[Site "Litomysl, Domov mladeze VOSP a"]
[Date "2019.12.27"]
[Round "3"]
[White "Jirousek, Jan"]
[Black "Tyutyunnikov, Alexey"]
[Result "0-1"]
[WhiteElo "2097"]
[BlackElo "2292"]
[PlyCount "120"]
[EventDate "2019.12.26"]

1. d4 Nf6 2. Nf3 d5 3. c4 e6 4. Nc3 Be7 5. Bg5 h6 6. Bf4 O-O 7. g3 c6 8. Bg2
Nbd7 9. O-O b6 10. cxd5 Nxd5 11. Nxd5 exd5 12. Rc1 Bb7 13. Qd2 a5 14. Rfd1 Re8
15. Bh3 Bb4 16. Qc2 Qe7 17. a3 Bd6 18. Bxd6 Qxd6 19. e3 Re7 20. Qb3 c5 21. Bg2
c4 22. Qc2 b5 23. Nd2 Nf6 24. Ra1 Rc8 25. Rdc1 g6 26. Qd1 Kg7 27. Bh3 Rc6 28.
Bf1 Re8 29. Bg2 Bc8 30. Nf3 Bg4 31. Qe1 Bxf3 32. Bxf3 Qc7 33. Qd2 Ne4 34. Bxe4
Rxe4 35. Rc2 Re8 36. Rac1 Ree6 37. Kg2 Qb6 38. Ra1 Re7 39. h4 h5 40. Rcc1 Rcc7
41. Qe1 Ra7 42. Qd1 b4 43. Qf3 Qe6 44. axb4 axb4 45. Qf4 b3 46. Rxa7 Rxa7 47.
Qe5+ Qxe5 48. dxe5 Ra2 49. Rb1 f6 50. exf6+ Kxf6 51. Kf3 Kf5 52. e4+ dxe4+ 53.
Ke3 Ke5 54. f3 exf3 55. Kxf3 Kd4 56. Rd1+ Kc5 57. Rb1 c3 58. bxc3 Kc4 59. Kf4
Ra5 60. Re1 b2 0-1

[Event "LITOMYSL OPEN 2019 A - FIDE open"]
[Site "Litomysl, Domov mladeze VOSP a"]
[Date "2019.12.27"]
[Round "3"]
[White "Sabol, Marian"]
[Black "Khulapov, Vyacheslav"]
[Result "0-1"]
[WhiteElo "2278"]
[BlackElo "2065"]
[PlyCount "56"]
[EventDate "2019.12.26"]

1. d4 g6 2. e4 Bg7 3. c3 d6 4. f4 Nd7 5. Nf3 e5 6. dxe5 dxe5 7. Bc4 exf4 8.
Bxf4 Qe7 9. Nbd2 Ne5 10. O-O Qc5+ 11. Kh1 Nxc4 12. Nxc4 Qxc4 13. Qd2 Be6 14.
Rad1 Ne7 15. Ne5 Qa6 16. Nxf7 O-O 17. Ng5 Bg4 18. Rde1 h6 19. Nf3 Rad8 20. Qc1
Bxf3 21. gxf3 Rd3 22. Kg2 Qf6 23. Qc2 Rd7 24. Bc1 Qe6 25. Qa4 g5 26. Qxa7 b6
27. Qa6 Ng6 28. Qe2 Rdf7 0-1

[Event "LITOMYSL OPEN 2019 A - FIDE open"]
[Site "Litomysl, Domov mladeze VOSP a"]
[Date "2019.12.27"]
[Round "3"]
[White "Rokos, Filip"]
[Black "Svanda, Ondrej"]
[Result "1-0"]
[WhiteElo "2003"]
[BlackElo "2258"]
[PlyCount "67"]
[EventDate "2019.12.26"]

1. e4 c5 2. Nf3 e6 3. d4 cxd4 4. Nxd4 Nc6 5. Nc3 Qc7 6. Be3 a6 7. Bd3 Nf6 8.
O-O b5 9. Nb3 Be7 10. h3 O-O 11. f4 d6 12. Qe1 Bb7 13. a4 b4 14. Ne2 Rfe8 15.
Qf2 e5 16. Ng3 Bf8 17. fxe5 Nxe5 18. Rae1 d5 19. Bf4 Bd6 20. exd5 Nxd3 21. Bxd6
Qxd6 22. cxd3 Bxd5 23. Nf5 Qc7 24. Nbd4 Kh8 25. Rc1 Qd8 26. Rc5 Rb8 27. Qg3 Rg8
28. Nd6 Rf8 29. Rxd5 Nxd5 30. Nxf7+ Rxf7 31. Rxf7 Qg8 32. Rxg7 Qf8 33. Ne6 Qe8
34. Rxh7+ 1-0

[Event "LITOMYSL OPEN 2019 A - FIDE open"]
[Site "Litomysl, Domov mladeze VOSP a"]
[Date "2019.12.27"]
[Round "3"]
[White "Galvanek, Ladislav"]
[Black "Chudinovskikh, Alexander M"]
[Result "0-1"]
[WhiteElo "1966"]
[BlackElo "2157"]
[PlyCount "40"]
[EventDate "2019.12.26"]

1. d4 Nf6 2. Bf4 g6 3. e3 Bg7 4. Nf3 d6 5. h3 O-O 6. Be2 b6 7. c4 c5 8. Nc3
cxd4 9. exd4 d5 10. O-O Bb7 11. Ne5 dxc4 12. Bf3 Nd5 13. Nxc4 Na6 14. Nxd5 Bxd5
15. Bxd5 Qxd5 16. Qa4 Qxd4 17. Be3 Nc5 18. Qb4 Qh4 19. Rad1 Rfc8 20. Rd5 Na6
0-1

[Event "LITOMYSL OPEN 2019 A - FIDE open"]
[Site "Litomysl, Domov mladeze VOSP a"]
[Date "2019.12.27"]
[Round "3"]
[White "Jedlicka, Ales"]
[Black "Kosior, Jan"]
[Result "1-0"]
[WhiteElo "2248"]
[BlackElo "1537"]
[PlyCount "87"]
[EventDate "2019.12.26"]

1. d4 Nf6 2. c4 e6 3. g3 d5 4. Bg2 c6 5. Nf3 Be7 6. O-O O-O 7. Qc2 Nbd7 8. Nbd2
b6 9. e4 dxe4 10. Nxe4 Bb7 11. Rd1 Nxe4 12. Qxe4 Nf6 13. Qe2 Qc7 14. Bf4 Bd6
15. Ne5 Nd7 16. b4 Nxe5 17. Bxe5 Bxe5 18. Qxe5 Qxe5 19. dxe5 Rab8 20. Rd7 a6
21. a4 Ba8 22. Rad1 c5 23. Bxa8 Rxa8 24. bxc5 bxc5 25. Rc7 Rac8 26. Rdd7 g6 27.
Rxf7 Rxc7 28. Rxc7 Rf3 29. Rxc5 Ra3 30. Ra5 Rc3 31. c5 Kf7 32. Kg2 Ke8 33. f4
h6 34. Rxa6 Rxc5 35. Rxe6+ Kf7 36. Rf6+ Kg7 37. Ra6 Rc2+ 38. Kh3 h5 39. Ra7+
Kf8 40. a5 Ra2 41. a6 Ke8 42. Ra8+ Kf7 43. a7 Kg7 44. e6 1-0

[Event "LITOMYSL OPEN 2019 A - FIDE open"]
[Site "Litomysl, Domov mladeze VOSP a"]
[Date "2019.12.27"]
[Round "3"]
[White "Tereschenko, Valerij"]
[Black "Toman, Jan"]
[Result "1/2-1/2"]
[WhiteElo "1954"]
[BlackElo "2091"]
[PlyCount "74"]
[EventDate "2019.12.26"]

1. d4 Nf6 2. Nf3 g6 3. Nbd2 d5 4. e3 Bg7 5. b4 a5 6. b5 a4 7. Ba3 O-O 8. Be2
Nbd7 9. c4 Re8 10. Rb1 e5 11. Nxe5 Nxe5 12. dxe5 Rxe5 13. O-O dxc4 14. Bxc4 Be6
15. Bb2 Bxc4 16. Bxe5 Bxf1 17. Nxf1 Qxd1 18. Rxd1 Ne4 19. Bxg7 Kxg7 20. Rc1 Ra5
21. Rxc7 Rxb5 22. Rc4 Nc5 23. f3 b6 24. Rc2 Rb1 25. Rd2 b5 26. Kf2 b4 27. Ke2
a3 28. e4 Na4 29. Ne3 b3 30. axb3 a2 31. Nc2 Nc5 32. b4 Nb3 33. Rd1 Nd4+ 34.
Rxd4 Rb2 35. Rd1 Rxc2+ 36. Ke3 Rb2 37. Ra1 Rxb4 1/2-1/2